| 000 | 00478nam a2200169Ia 4500 | ||
|---|---|---|---|
| 005 | 20250508155126.0 | ||
| 008 | 008 250505s9999 xx 000 0 eng d | ||
| 037 | _aTextual | ||
| 040 |
_aFEDL _beng _cFEDL |
||
| 041 |
_aeng _2eng |
||
| 084 |
_a574, ORG _qFEDL |
||
| 245 | 0 | _aBiology to day : Its role in education | |
| 245 | 0 | _cOrganisation for Economic Co-Operation and Development | |
| 300 | _a188p. | ||
| 942 |
_cTEXL _h574, ORG |
||
| 999 |
_c1354462 _d1354462 |
||